[Event "Ruhrgebiet VK3 1112"]
[Site "Nordrheinwestfalen"]
[Date "2012.04.22"]
[Round "9"]
[White "Gerhardt, Ralf"]
[Black "Lueke, Andreas"]
[Result "1/2-1/2"]
[WhiteElo "1744"]
[BlackElo "1645"]
[PlyCount "63"]
[EventDate "2012.09.18"]
[EventType "team-tourn"]
[EventRounds "9"]
[EventCountry "GER"]
[SourceTitle "EXT 2020"]
[Source "ChessBase"]
[SourceDate "2019.10.17"]
[SourceVersion "1"]
[SourceVersionDate "2019.10.17"]
[SourceQuality "1"]
[WhiteTeam "Wacker Bergeborbeck"]
[BlackTeam "Werl SC 1981"]
[WhiteTeamCountry "GER"]
[BlackTeamCountry "GER"]

1. d4 Nf6 2. c4 g6 3. Nc3 Bg7 4. e4 d6 5. Bg5 h6 6. Be3 0-0 7. Qd2 Kh7 8. 0-0-0 b6 9. f3 Bb7 10. g4 Nfd7 11. Nge2 c5 12. dxc5 bxc5 13. Ng3 Qa5 14. Kb1 Bxc3 15. bxc3 Nc6 16. f4 Rab8 17. Ka1 Ba6 18. Bd3 Rb3 19. Ne2 Rfb8 20. Rb1 Qa3 21. Rxb3 Rxb3 22. Rb1 Rxb1+ 23. Kxb1 Na5 24. Qc2 Nxc4 25. Bc1 Qa5 26. Ka1 Ndb6 27. f5 Na3 28. Bxa3 Bxd3 29. fxg6+ fxg6 30. Qxd3 Qxa3 31. e5 c4 32. Qf3 1/2-1/2